00810nam a2200241 i 4500001000700000003000900007005001700016008004100033017001700074080002700091100003600118245010800154250001200262260004600274300004500320490001900365546004700384700002700431700003500458700003300493830001900526852002300545171857ES-MaACL20240516063107.0090603s1968 sp |||| | spa d aB 12314-1968 a74 Pla Narbona, José1 aPla Narbona, José,d1928-202010aPla Narbona b: dibuixos, dibujos, drawings / ctextos, Felipe Cid, Juan Rof Carballo, Salvador Espriu. a1ª ed. aBarcelona : bLlibres de Sinera, c[1968] a155 p. : bprincipalmente il. ; c30 cm.1 aGuernica ; v1 aTextos en español, catalán e inglés.1 aCid, Felip,d1930-20151 aRof Carballo, Juan,d1905-19941 aEspriu, Salvador,d1913-19850 aGuernica ; v1 aES-MaACLjC-56933